ESC Teilnehmer 2026 - Statistiken

Allgemein
  • Dieses Quiz wurde 62 mal gespielt
  • Das Durchschnittsergebnis liegt bei 32 aus 70
Antwortstatistiken
Tipp Land % Korrekt
Fire
78%
Deutschland Sarah Engels
78%
Tanzschein
76%
Bangaranga
72%
Österreich Cosmó
72%
Eins Zwei Drei“
70%
Michelle
67%
Dancing On The Ice
65%
Bulgarien Dara
65%
Eclipse
63%
Jalla
59%
Choke Me
57%
Ferto
57%
Mother Nature
57%
Regarde!
57%
Bella
54%
My System
54%
Nân
54%
Viva, Moldova!
54%
Paloma Rumba
52%
Pray
52%
Ya Ya Ya
52%
Alice
50%
Frankreich Monroe
50%
Superstar
50%
Just Go
48%
Vereinigtes Königreich Look Mum No Computer
48%
Albanien Alis
46%
Andromeda
46%
Australien Delta Goodrem
46%
Schweden Felicia
46%
San Marino Senhit feat. Boy George
46%
Sólo Quiero Más
43%
Griechenland Akylas
41%
Zypern Antigoni
41%
Crossroads
41%
Belgien Essyla
41%
Luxemburg Eva Marija
41%
Kroatien Lelek
41%
On Replay
41%
Per Sempre Sì
41%
Moldau Satoshi
41%
Dänemark Søren Torpegaard Lund
41%
Estland Vanilla Ninja
41%
Kraj Mene
39%
Ukraine Leléka
39%
Liekinheitin
39%
Rosa
39%
Italien Sal Da Vinci
39%
Armenien Simón
39%
To Epic To Be True
39%
Malta Aidan
37%
Rumänien Alexandra Căpitănescu
37%
Georgien Bzikebi
37%
Nova Zora
37%
Ēnā
35%
Før Vi Går Hjem
35%
Aserbaidschan Jiva
35%
Norwegen Jonas Lovv
35%
Litauen Lion Ceccah
35%
Ridnym
35%
Schweiz Veronica Fusaro
35%
Polen Alicja
33%
Lettland Atvara
33%
Serbien Lavina
30%
Israel Noam Bettan
28%
Tschechien Daniel Zizka
22%
Finnland Linda Lampenius x Pete Parkkonen
17%
Montenegro Tamara Živković
17%
Portugal Bandidos do Cante
15%
Keine übereinstimmenden Quizze gefunden
Verteilung der Resultate
Anzahl Personen mit jedem Resultat
Perzentil nach korrekt beantworteten Fragen
Ihre Resultats-Entwicklung
Sie haben dieses Quiz noch nicht gespielt